000 00207nam a2200109Ia 4500
100 _a#N/A
942 _cBK
245 _aFundamentals of Microcontrollers
260 _b#N/A
546 _aENGLISH
999 _c21936
_d21936